01072nam a2200253 a 450000100100000000500170001000800410002702000150006804000250008308200240010810000270013224500500015925000120020926000400022130000210026150000590028259000260034165001030036765100800047065100920055091000370064295201220067999900170080100002101420221027122926.0100830s1996 dr 000 0 spa d a8489539332 aDO-SdBNPbspacBNPHU a972.93bT233d, 19961 aTaveras, Rafael97392410aDetrás de las rejas /cRafael Fafa Taveras. a2a. ed. aSanto Domingo :bDe Colores,c1996. a213 p. ;c22 cm. aIncluye 40datos biográficos del autor en las solapas aInventariado, 2020/VM 4aPresos políticoszRepública DominicanaxRelatos personalesvENSAYOS, CONFERENCIAS, ETC.943973 4aRepública DominicanaxHistoriay1961-vENSAYOS, CONFERENCIAS, ETC.917097 4aRepública DominicanaxPolítica Y Gobiernoy1961-vENSAYOS, CONFERENCIAS, ETC917098 aValidado. Control de calidad MFF 0010718PDaPDbPDcHDd2010-08-30iLF1l0o972.93 T233d, 1996p21014-10r2020-06-25w2020-06-25yLFPDZNo se presta c20517d20517